|
|
|
|
| LEADER |
01340nam a2200325 a 4500 |
| 001 |
0017265 |
| 003 |
BD-DhAAL |
| 008 |
090716r20011968enk 001 0 eng d |
| 010 |
|
|
|a \\2001041607
|
| 020 |
|
|
|a 0415255538 (hbk)
|
| 020 |
|
|
|a 0415254000 (pbk)
|
| 040 |
|
|
|a DLC
|c DLC
|d DLC
|d WaU
|d BD-DhAAL
|
| 082 |
0 |
0 |
|a 822.33
|2 17
|
| 100 |
1 |
|
|a Partridge, Eric,
|d 1894-1979.
|9 58376
|
| 245 |
1 |
0 |
|a Shakespeare's bawdy /
|c Eric Partridge ; with a foreword by Stanley Wells.
|
| 260 |
|
|
|a London ;
|a New York :
|b Routledge,
|c 1968 [reprinted 2001].
|
| 300 |
|
|
|a xii, 291 p. ;
|c 21 cm.
|
| 490 |
|
0 |
|a Routledge classics
|
| 500 |
|
|
|a Originally published: London : Routledge, [1947], with new introd.
|
| 526 |
|
|
|a ENH
|
| 541 |
1 |
|
|e 00017265
|a Words N' Pages
|
| 600 |
1 |
0 |
|a Shakespeare, William,
|d 1564-1616
|x Language
|v Glossaries, etc.
|9 58377
|
| 650 |
|
0 |
|a English language
|y Early modern, 1500-1700
|x Obscene words.
|9 58378
|
| 650 |
|
0 |
|a Bawdy poetry, English
|x History and criticism.
|9 58379
|
| 650 |
|
0 |
|a Vulgarity in literature.
|9 58380
|
| 650 |
|
0 |
|a Sex in literature.
|9 58381
|
| 852 |
4 |
|
|a Ayesha Abed Library
|c General Stacks
|
| 942 |
|
|
|2 ddc
|c BK
|
| 999 |
|
|
|c 2736
|d 2736
|
| 952 |
|
|
|0 0
|1 4
|2 ddc
|4 0
|6 822_330000000000000_PAR
|7 0
|9 2515
|a BRACUL
|b BRACUL
|d 2009-07-23
|e Words N' Pages
|g 540.00
|l 0
|o 822.33 PAR
|p 3010017265
|r 2009-07-23
|t 1
|w 2009-07-23
|y BK
|x Koha Inventory 2020
|